000 00811cab a2200265 4500
001 ABS56191
008 090401t1996 xxu||||| |||| 00| 0 eng d
035 _a(Sirsi) u21818
041 _aeng
100 _aColeman, A.
245 _aPassing the muck
260 _c1996
350 _a0
490 _aPlanning Week
_v4(47) 21 November 1996, 12-13(2)
520 _aConsiders how the cost of remediation may deter local authorities from accepting responsibility for contaminated land, but may also encourage new development on that same land.
650 _aCLEAN-UP COSTS
650 _aCONTAMINATED LAND
650 _aCOSTS
650 _aENVIRONMENT ACT 1995 S57
650 _aPPG23
650 _aREMEDIATION
690 _aENVIRONMENTAL AND LAND CONSULTANCY
942 _n0
948 _c04/03/1997
999 _c14623
_d14623